Регионална библиотека "Любен Каравелов" - Русе

Компютърен речник (Запис номер 1939)

MARC детайли
000 -Лидер
Контролно поле с фиксирана дължина 01368nam a2200349 a 4500
003 - Код на организацията, давaща контролен номер
Контролно поле BLK
005 - Дата и час на последна редакция
Контролно поле 20230622160322.0
008 - Елементи от данни с фиксирана дължина
fixed length control field 180412b bul|||||r ||||||| ||bul||
010 ## - Наследен системен номер
LC control number KNG00002854000
020 ## - Международен стандартен номер на книга ISBN
Международен стандартен номер на книга ISBN 954-8474-09-3
040 ## - Източник на каталожния запис
Идентификатор на билиотеката - собственик на записа BLK
041 ## - Код за език
Код за езика на текст/звукозапис или на отделно заглавие Български
Код за езика КДБФ Български
080 ## - УДК
Текстов определител УДК Автоматични цифрови електронноизчислителни машини. Миникомпютри. Микрокомпютри
УДК код - определител по УДК 681.322
УДК определител (038.1)
УДК - код + определител 681.322(038.1)
139 ## - Редно поле
Редна дума Компютърен речник
Авторски знак Ком - К 80
245 10 - Сведения за заглавието
Заглавие Компютърен речник
Подзаглавни данни За офиса, дома, библ. и у-ще : Ч. 1 - 2
Том Ч. 1
Заглавие на том A - L
257 ## - Страна на издаване
Страна на създаване/издаване България
260 ## - Област на издателските данни
Място на издаване, разпространение и проч. София
Име на издателя, разпространителя и проч. Нисофт
Година на издаване 1994
Печатница Хасково : Полиграфюг
9 (RLIN) 209437
Издателство - префикс ISBN 954-8474-
300 ## - Физическа характеристика
Размери/Мащаб 20 см
Страници 478 с.
Илюстрации и др. с ил.
380 ## - Жанр
Жанр Техника
500 ## - Общи забележки
Забележка 2 000 тир.
650 #4 - Допълнително описание по предмет – тема
Основно описание – тема или топоним Изчислителни машини, електронни - терминология - речници
9 (RLIN) 245041
653 ## - Ключова дума – ненормативна
Ключова дума компютри
653 ## - Ключова дума – ненормативна
Ключова дума терминологични речници
760 1# - Описание на основната серия
Място на издаване, издател и година Нисофт
Страници - том 478 с. : с ил.
Заглавие Ч. 1 A - L
852 ## - Местоположение
Форматна сигнатура Цб 176531
Фондова буква Хранилище
856 4# - Електронен адрес и достъп
Електронен формат pdf - файл
Път до файла /url/
856 4# - Електронен адрес и достъп
Електронен формат pdf - файл
Път до файла /url/
942 ## - АРТИКУЛИ
Вид на библиотечния материал Книги
Скрит в OPAC Не
944 ## - СЪЗДАВАНЕ И РЕДАКЦИЯ на ЗАПИСА
Създаване/Редакция Създаване
Дата на регистрацията/редакция 15.01.2003
Служител, извършил регистрацията/редакцията Геновева_Генчева
944 ## - СЪЗДАВАНЕ И РЕДАКЦИЯ на ЗАПИСА
Създаване/Редакция Редакция
Дата на регистрацията/редакция 25.03.2004
999 ## - СИСТЕМНИ КОНТРОЛНИ НОМЕРА
Koha biblionumber 1939
Koha biblioitemnumber 1939
999 ## - СИСТЕМНИ КОНТРОЛНИ НОМЕРА
Koha biblioitemnumber 1939
Наличности
Код за отписване Код за изгубен артикул Източник на класификационната схема Код за повреда Коз за рестрикции Код за отдаване Артикулен № Име на библиотеката - собственик Име на библиотеката, в която се намира в момента Статус (Текущо местоположение) Дата на вписване в системата Местоположение - отдел Цена в лева Инвентарен номер Систематично азбучна сигнатура Баркод Номер на екземпляра Цена в евро Служебна бележка Служебен тип на артикула
  Не е изгубен Universal Decimal Classification Не е повреден без рестрикции ползва се в читалня 3647 Регионална библиотека "Любен Каравелов" Русе Регионална библиотека "Любен Каравелов" Русе Хранилище 1994-01-01 Хранилище 2.36 604011 Цб 176531 120000604011 1 1.21 Дост: Dp Вид: Д N: 26 Дата: 01.01.1994 Книги
Изтеглен Не е изгубен Universal Decimal Classification Не е повреден без рестрикции ползва се в читалня 3648 Регионална библиотека "Любен Каравелов" Русе Регионална библиотека "Любен Каравелов" Русе Читалня - справочен фонд 1994-01-01 Читалня - справочен фонд 2.36 602323 СЧ 681.3/К 80 602323 2 1.21 Дост: Pk Вид: Ф N: стар фонд Дата: 01.01.1994 Дата инв: 24.03.2017 Бележки инв: СЧ2017 Книги
Vip Innovations Ltd, Rousse, Bulgaria 2025